=LDR 00000nam 2200000 4500 =001 INLIS000000000039366 =005 20130612145009 =008 ***********************************ind** =035 ##$$0010-061300000039366 =041 ##$$a ind =082 ##$$a 646.42 =090 ##$$a 646.42 , Sit, s =100 ##$$a SITORESMI, Ajeng Galih =245 ##$$a Sehari Mahir Merajut , Ajeng Galih Sitoresmi =260 ##$$a 2010 $b Yogyakarta =300 ##$$a 44 hlm. , Illus , 30 cm =650 ##$$a MERAJUT =850 ##$$a NBPNMAT